000 nam a22 7a 4500
999 _c8846
_d8846
008 180120b ||||| |||| 00| 0 eng d
100 _aNCERT
_95169
245 _aLab Manual Science
260 _aNew Delhi
_bNCERT
_c2004